01371nam a2200325 a 4500001001200000003000800012006001900020007001500039008004100054010001700095020001800112020002700130040002100157035002100178050002300199100002200222245013400244260003100378300003700409490007700446504005100523533015200574650001400726650002900740650003800769655002900807710001700836830006600853856012600919ebr10239376CaPaEBRm u cr cn|||||||||081208s2008 gw a sb 001 0 eng d z 2008925088 z9783540771463 z9783540771470 (e-ISBN) aCaPaEBRcCaPaEBR a(OCoLC)27231298014aQA188b.B43 2008eb1 aBebendorf, Mario.10aHierarchical matricesh[electronic resource] :ba means to efficiently solve elliptic boundary value problems /cMario Bebendorf. aBerlin :bSpringer,c2008. axvi, 290 p. :bill. (some col.).1 aLecture notes in computational science and engineering,x1439-7358 ;v63 aIncludes bibliographical references and index. aElectronic reproduction.bPalo Alto, Calif. :cebrary,d2013.nAvailable via World Wide Web.nAccess may be limited to ebrary affiliated libraries. 0aMatrices. 0aBoundary value problems. 0aDifferential equations, Elliptic. 7aElectronic books.2local2 aebrary, Inc. 0aLecture notes in computational science and engineering ;v63.40uhttp://site.ebrary.com/lib/rucke/Doc?id=10239376zAn electronic book accessible through the World Wide Web; click to view